Componentes de " modulos " de laboratorios y talleres. (Record no. 136423)
[ view plain ]
| 000 -CABECERA | |
|---|---|
| campo de control de longitud fija | 00723nam a2200181 a 4500 |
| 005 - FECHA Y HORA DE LA ÚLTIMA TRANSACCIÓN | |
| campo de control | 20210219160357.0 |
| 008 - ELEMENTOS DE LONGITUD FIJA--INFORMACIÓN GENERAL | |
| campo de control de longitud fija | 081027s2000 mx r 000 0 spa d |
| 035 ## - NÚMERO DE CONTROL DEL SISTEMA | |
| Número de control de sistema | UPN01000164311 |
| 049 ## - COLECCIÓN | |
| Colección | UNE |
| 080 ## - NÚMERO DE CLASIFICACIÓN DECIMAL UNIVERSAL | |
| Número de la Clasificación Decimal Universal | OC 371.66 (7/8) COM. |
| 245 00 - MENCIÓN DE TÍTULO | |
| Título | Componentes de " modulos " de laboratorios y talleres. |
| 260 ## - PUBLICACIÓN, DISTRIBUCIÓN, ETC. | |
| Lugar de publicación, distribución, etc. | Santiago de Chile : Oficina Regional de Educación de la UNESCO para América Latina y el Caribe, 1985. |
| 300 ## - DESCRIPCIÓN FÍSICA | |
| Extensión | IV, 172 p.; 26 cm. fot. |
| 690 ## - PUNTO DE ACCESO ADICIONAL DE MATERIA LOCAL--TÉRMINO DE MATERIA (OCLC, RLIN) | |
| Término de materia o nombre geográfico como elemento inicial | Enseñanza cientifica- Equipo de laboratorio |
| 690 ## - PUNTO DE ACCESO ADICIONAL DE MATERIA LOCAL--TÉRMINO DE MATERIA (OCLC, RLIN) | |
| Término de materia o nombre geográfico como elemento inicial | Enseñanza profesional- Material didactico |
| 710 2# - ASIENTO SECUNDARIO - NOMBRE CORPORATIVO | |
| Nombre de entidad corporativa o nombre de jurisdicción como elemento de entrada | OREALC. Oficina Regional de Educación de la UNESCO para América Latina y el Caribe. (Santiago de Chile) |
| 905 ## - TIPO DE MATERIAL | |
| Tipo de material | UNESCO |
No items available.
